Spielberg Movies Sudden Death - Statistics

General Stats
  • This quiz has been taken 50 times
  • The average score is 13 of 21
Answers on the Grid
Answers color-coded by a green-red scale on the quiz's grid according to % correct below.
1941
Apollo 13
Back to the Future
Bridge of Spies
Catch Me If You Can
Close Encounters of the Third Kind
E.T.
Empire of the Sun
Home Alone
Hook
Hugo
Jaws
Jurassic Park
Lincoln
Minority Report
Raiders of the Lost Ark
Ready Player One
Real Steel
Saving Private Ryan
Schindler's List
Stand By Me
Super 8
The Adventures of TinTin
The Color Purple
The Goonies
The Iron Giant
The Lost World: Jurassic Park
The Mummy
Twilight Zone: The Movie
War Horse
Weird Science
West Side Story
 
Answer Stats
Answer % Correct
E.T.
90%
Jaws
85%
Schindler's List
80%
Jurassic Park
78%
Raiders of the Lost Ark
78%
Saving Private Ryan
76%
Catch Me If You Can
71%
Close Encounters of the Third Kind
71%
The Lost World: Jurassic Park
68%
Hook
66%
1941
59%
Lincoln
59%
The Color Purple
59%
Ready Player One
56%
War Horse
54%
Empire of the Sun
51%
Minority Report
51%
West Side Story
51%
The Adventures of TinTin
46%
Bridge of Spies
41%
Twilight Zone: The Movie
24%
No matching quizzes found
Score Distribution
Percent of People with Each Score
Percentile by Number Answered
Your Score History
You have not taken this quiz